000 00660nab a2200229 a 4500
005 20210219161613.0
008 991125s1985 mx 000 0 spa u
035 _aUPN01000188517
100 1 _aArteaga A., Catalina
222 _aREVISTA MEXICANA DE SOCIOLOGIA
245 _aNeoliberalismo, corporativismo y experiencias posicionales : los casos de Chile y Francia
300 _a275-302
362 0 _a2012 Año 74, no. 2, abr.-jun.
653 0 _aCORPORATIVISMO
653 0 _aNEOLIBERALISMO
653 0 _aPOSICION SOCIAL
653 0 _aMIEDO
653 0 _aSUFRIMIENTO
700 1 _aMartuccelli, Danilo,
700 1 _ecoaut.
905 _aArticulo
999 _c160620
_d160620